Our Song by Taylor Swift Lyrics - Statistics

General Stats
  • This quiz has been taken 55 times
  • The average score is 328 of 367
Answer Stats
Answer % Correct
a
100%
an
100%
And
100%
and
100%
I
100%
is
100%
Our
100%
our
100%
song"
100%
song
100%
talk
100%
the
100%
The
100%
we
100%
you
100%
your
100%
'Cause
97%
don't
97%
have
97%
have"
97%
He
97%
he
97%
it
97%
it's
97%
know
97%
late
97%
my
97%
on
97%
said
97%
was
97%
way
97%
When
97%
when
97%
car
94%
first
94%
front
94%
got
94%
Got
94%
heart
94%
his
94%
In
94%
kiss
94%
mama
94%
of
94%
phone
94%
real
94%
seat
94%
slow
94%
window
94%
again
91%
"Baby
91%
didn't
91%
door
91%
down
91%
hair
91%
He's
91%
how
91%
just
91%
"Man
91%
other
91%
out
91%
play
91%
say
91%
should
91%
slammin'
91%
tapping
91%
thinkin'
91%
undone
91%
with
91%
wrong?"
91%
wrong
91%
as
88%
could
88%
date
88%
home
88%
laugh
88%
"Nothing
88%
radio
88%
ridin'
88%
says
88%
screen
88%
shotgun
88%
Sneakin'
88%
something
88%
turn
88%
we're
88%
wheel
88%
"Amen"
84%
God
84%
if
84%
steering
84%
Asking
81%
for
81%
all
78%
her
78%
that
78%
That
78%
every
75%
to
75%
wrote
75%
feel
72%
look
72%
note
69%
roses
69%
around,
66%
day
66%
everything
66%
lost
66%
napkin
66%
notice
66%
Oh
66%
oh
66%
bed
63%
him
63%
old
63%
one-hand
63%
porch
63%
after
59%
almost
59%
away
59%
been
59%
grabbed
59%
pen
59%
well
59%
yeah
59%
gone
56%
good
56%
I've
56%
trampled
56%
'fore
53%
hallway
53%
lovin'
53%
walkin'
53%
album
50%
come
50%
Had
50%
heard
50%
thrown
50%
up
50%
along
47%
listened
47%
laughs
44%
steps
44%
Waited
28%
No matching quizzes found
Score Distribution
Percent of People with Each Score
Percentile by Number Answered
Your Score History
You have not taken this quiz